Normal view
MARC view
Entry Geographic Name
001 - CONTROL NUMBER
- control field: 801407
003 - CONTROL NUMBER IDENTIFIER
- control field:
005 - DATE AND TIME OF LATEST TRANSACTION
- control field: 20210627055716.0
008 - FIXED-LENGTH DATA ELEMENTS
- fixed length control field: 210627|| aca||aabn | a|a d
040 ## - CATALOGING SOURCE
- Original cataloging agency:
- Transcribing agency:
151 ## - HEADING--GEOGRAPHIC NAME
- Geographic name: Pindari Glacier Region (India)
- Form subdivision: Guidebooks
670 ## - SOURCE DATA FOUND
- Source citation: Work cat.: ()670360: Anderson, C. W. 801406, To the Pindari Glacier :, 1921
